Brainteasers quiz - Statistics

General Stats
  • This quiz has been taken 4 times
  • The average score is 3 of 6
Answer Stats
Brainteaser Answer % Correct
When you see it, then you don't see it, and when you do not see, then you see him. dark
100%
enters without skin, goes out with skin. bread
67%
two water lilies around the stump ears
67%
Green as grass, licks with like a cow. cucumber
33%
A school full of students, out of nowhere. pit in watermelon
33%
Two fathers and two sons went into the woods, splits one silence into four, they took one quarter each, and one quarter remained. grandfather, son and grand son
0%
No matching quizzes found
Score Distribution
Percent of People with Each Score
Percentile by Number Answered
Your Score History
You have not taken this quiz